[Event "Aegean op 33rd"]
[Site "Aghios Kirykos"]
[Date "2010.07.14"]
[Round "2"]
[White "Tepelenis, Nikolaos"]
[Black "Dimopoulos, Nikolaos"]
[Result "1/2-1/2"]
[WhiteElo "2224"]
[BlackElo "1933"]
[PlyCount "72"]
[EventDate "2010.07.13"]
[EventType "swiss"]
[EventRounds "9"]
[EventCountry "GRE"]
[SourceTitle "CBM 137 Extra"]
[Source "ChessBase"]
[SourceDate "2010.09.01"]
[SourceVersion "1"]
[SourceVersionDate "2010.09.01"]
[SourceQuality "1"]

1. d4 d6 2. g3 Nf6 3. Bg2 g6 4. c4 Bg7 5. Nc3 0-0 6. Nf3 Nc6 7. 0-0 e5 8. d5 Ne7 9. e4 a5 10. Ne1 Nh5 11. a3 Bd7 12. b3 b6 13. Bd2 Qe8 14. b4 axb4 15. axb4 Rxa1 16. Qxa1 f5 17. f3 Nf6 18. Nd3 f4 19. gxf4 exf4 20. Nxf4 g5 21. Nfe2 Qh5 22. Ng3 Qh4 23. Qc1 h6 24. Nb5 Ng6 25. Nxc7 Nf4 26. Bxf4 gxf4 27. Ne2 Nh5 28. Ne6 Ng3 29. Rf2 Bxe6 30. dxe6 Ra8 31. Nxf4 Ra1 32. Qxa1 Bxa1 33. hxg3 Qxg3 34. Ne2 Qe5 35. Bh3 Bd4 36. Nxd4 Qxd4 1/2-1/2

[Event "Aegean op 27th"]
[Site "Aghios Kirykos"]
[Date "2004.07.17"]
[Round "6"]
[White "Dimopoulos, Nikolaos"]
[Black "Topalidis, Konstantinos"]
[Result "0-1"]
[WhiteElo "1910"]
[BlackElo "2140"]
[PlyCount "62"]
[EventDate "2004.07.13"]
[EventType "swiss"]
[EventRounds "9"]
[EventCountry "GRE"]
[SourceTitle "CBM 101 Extra"]
[Source "ChessBase"]
[SourceDate "2004.09.01"]
[SourceVersion "2"]
[SourceVersionDate "2004.09.01"]
[SourceQuality "1"]

1. e4 c5 2. Nf3 d6 3. d4 cxd4 4. Nxd4 Nf6 5. Nc3 g6 6. f4 Nbd7 7. Be3 Bg7 8. Bc4 Qc7 9. Bb3 Nc5 10. 0-0 0-0 11. Ndb5 Qb8 12. e5 Ng4 13. Bxc5 dxc5 14. Nd5 Bxe5 15. Nxe7+ Kg7 16. Nxc8 Bxb2 17. Qxg4 Bxa1 18. Rxa1 Qxc8 19. Qxc8 Rfxc8 20. Bd5 Rab8 21. Nxa7 Re8 22. a4 Re2 23. c4 b6 24. Nc6 Rbe8 25. Ne5 f6 26. Nd7 Rb2 27. Bf3 Rb4 28. h3 Re7 29. Bc6 Re6 30. Bd5 Re7 31. Nb8 Ra7 0-1

[Event "Aegean op 27th"]
[Site "Aghios Kirykos"]
[Date "2004.07.16"]
[Round "5"]
[White "Tassopoulos, Marios"]
[Black "Dimopoulos, Nikolaos"]
[Result "1/2-1/2"]
[WhiteElo "2234"]
[BlackElo "1910"]
[PlyCount "39"]
[EventDate "2004.07.13"]
[EventType "swiss"]
[EventRounds "9"]
[EventCountry "GRE"]
[SourceTitle "CBM 101 Extra"]
[Source "ChessBase"]
[SourceDate "2004.09.01"]
[SourceVersion "2"]
[SourceVersionDate "2004.09.01"]
[SourceQuality "1"]

1. e4 d6 2. d4 Nf6 3. Nc3 g6 4. f4 Bg7 5. e5 Nfd7 6. Nf3 c5 7. exd6 0-0 8. dxc5 Qa5 9. dxe7 Re8 10. Be2 Bxc3+ 11. bxc3 Qxc3+ 12. Bd2 Qxc5 13. f5 Rxe7 14. fxg6 hxg6 15. Rb1 Nc6 16. Bg5 Re8 17. Kf1 a6 18. Rb3 Nde5 19. Be3 Qe7 20. Bf4 1/2-1/2